Catálogo

TOPICOS INNOVADORES EN MEDICINA CRITICA : (Registro nro. 49777)

Detalles MARC
000 -LEADER
fixed length control field 01023nam a2200205 a 4500
001 - CONTROL NUMBER
control field 49777
005 - DATE AND TIME OF LATEST TRANSACTION
control field 20180714034609.0
008 - FIXED-LENGTH DATA ELEMENTS--GENERAL INFORMATION
fixed length control field 140415s2000 mx 000 0 spa d
020 ## - INTERNATIONAL STANDARD BOOK NUMBER
International Standard Book Number 9686899677
041 ## - LANGUAGE CODE
Language code of text/sound track or separate title spa
082 ## - DEWEY DECIMAL CLASSIFICATION NUMBER
Classification number 610
Item number TOP
245 00 - TITLE STATEMENT
Title TOPICOS INNOVADORES EN MEDICINA CRITICA :
Remainder of title TRASTORNOS NEUROLOGICOS GRAVES
250 ## - EDITION STATEMENT
Edition statement 1a ed.
260 ## - PUBLICATION, DISTRIBUTION, ETC.
Place of publication, distribution, etc. MEXICO :
Name of publisher, distributor, etc. PRADO, S.A. DE C.V.,
Date of publication, distribution, etc. 2000
300 ## - PHYSICAL DESCRIPTION
Extent 7
Dimensions 21.6 x 14.7 x 1.8
490 ## - SERIES STATEMENT
Series statement TOPICOS INNOVADORES EN MEDICINA CRITICA
500 ## - GENERAL NOTE
General note NO LLEGÓ EL VOL. 2
520 ## - SUMMARY, ETC.
Summary, etc. TÓPICO INNOVADORES EN MEDICCINA CRÍTICA ES UNA COLECCIÓN DE LIBROS QUE TIENE COMO OBJETIVO PRINCIPAL EL SER UNA PUBLICACIÓN PERIÓDICA A TRAVÉS DE LA CUAL EXPERTOS, DENTRO DE DISTINTOS GRUPOS MÉDICOS DE LA TERAPIA INTENSIVA, MUESTRAN CONOCIMIENTOS Y EXPERIENCIAS EN EL DIAGNÓSTICO Y MANEJO DE DIVERSAS ENTIDADES EN EL PACIENTE EN ESTADO CRÍTICO, CON LA FINALIDAD DE COMPARTIRLAS CON LECTORES TANTO DEL PAÍS COMO DE LATINOAMÉRICA
650 14 - SUBJECT ADDED ENTRY--TOPICAL TERM
Topical term or geographic name entry element MEDICINA
Existencias
Withdrawn status Lost status Source of classification or shelving scheme Damaged status Not for loan Collection code Home library Current library Shelving location Date acquired Source of acquisition Inventory number Total Checkouts Full call number Barcode Date last seen Price effective from Koha item type Public note
    Dewey Decimal Classification     General Biblioteca Karol Wojtyla Biblioteca Karol Wojtyla Sala general 03/12/2013 Compra 151000000000000000011021   610 TOP 2004 74384 05/01/2026 11/07/2018 Libro t.5